[Event "ESP-chT Rapid"]
[Site "Toledo"]
[Date "2022.09.24"]
[Round "2"]
[White "Shirov, Alexei"]
[Black "Garcia Perez, Javier"]
[Result "1-0"]
[WhiteElo "2673"]
[BlackElo "2081"]
[PlyCount "91"]
[EventDate "2022.09.24"]
[EventType "team-swiss (rapid)"]
[EventRounds "9"]
[EventCountry "ESP"]
[SourceTitle "CBM 210 Extra"]
[Source "ChessBase"]
[SourceDate "2022.11.30"]
[SourceVersion "1"]
[SourceVersionDate "2022.11.30"]
[SourceQuality "1"]
[WhiteTeam "Silla 60 Aniversario"]
[BlackTeam "Solvay II"]
[WhiteTeamCountry "ESP"]
[BlackTeamCountry "ESP"]

1. c4 Nf6 2. Nc3 c5 3. g3 g6 4. Bg2 Bg7 5. e4 Nc6 6. Nge2 0-0 7. d3 d6 8. a3 Bd7 9. Rb1 Nd4 10. Nxd4 cxd4 11. Nd5 a5 12. 0-0 a4 13. Nxf6+ Bxf6 14. Bh6 Bg7 15. Bxg7 Kxg7 16. f4 b5 17. f5 Rc8 18. cxb5 Bxb5 19. Qd2 Qb6 20. Rbc1 Qa6 21. Rcd1 Rc7 22. Rf4 g5 23. Rg4 f6 24. h4 h5 25. Rxg5+ fxg5 26. Qxg5+ Kh8 27. Qxh5+ Kg7 28. Qg6+ Kh8 29. Qh6+ Kg8 30. e5 Rc5 31. Qg5+ Kh8 32. Qxe7 Qc8 33. Qxd6 Rxf5 34. Qh6+ Kg8 35. Qg6+ Kh8 36. Bh3 Bd7 37. Bxf5 Bxf5 38. Qf6+ Kh7 39. Rf1 Bg6 40. Qe7+ Kg8 41. Qg5 Kh7 42. h5 Be8 43. Qe7+ Kh6 44. Rf6+ Kxh5 45. Qh7+ Kg5 46. Qh4# 1-0

[Event "ESP-chT CECLUB Div1"]
[Site "Linares"]
[Date "2017.08.17"]
[Round "4.4"]
[White "Garcia Perez, Javier"]
[Black "Espinosa Aranda, Angel"]
[Result "0-1"]
[WhiteElo "2102"]
[BlackElo "2454"]
[PlyCount "56"]
[EventDate "2017.08.14"]
[EventType "team"]
[EventRounds "7"]
[EventCountry "ESP"]
[SourceTitle "CBM 180 Extra"]
[Source "ChessBase"]
[SourceDate "2017.10.06"]
[SourceVersion "1"]
[SourceVersionDate "2017.10.06"]
[SourceQuality "1"]
[WhiteTeam "Solvay II"]
[BlackTeam "Virgen de Atocha"]
[WhiteTeamCountry "ESP"]
[BlackTeamCountry "ESP"]

1. e4 c5 2. Nc3 a6 3. g3 b5 4. Bg2 Bb7 5. d3 e6 6. Nh3 Nc6 7. 0-0 Qc7 8. f4 h5 9. e5 d6 10. exd6 Bxd6 11. Ne4 Nf6 12. Nhf2 Be7 13. Nxf6+ gxf6 14. Be3 Nd4 15. Bxb7 Qxb7 16. Bxd4 cxd4 17. Ne4 f5 18. Nd2 Rc8 19. Nf3 h4 20. a4 hxg3 21. hxg3 Rg8 22. Kh2 e5 23. fxe5 f4 24. Qd2 Qd7 25. Rac1 Rxg3 26. Kh1 Rc6 27. Qxf4 Qh3+ 28. Nh2 Qg2# 0-1

[Event "ESP-ch rapid"]
[Site "Linares"]
[Date "2017.08.13"]
[Round "1"]
[White "Ljubojevic, Ljubomir"]
[Black "Garcia Perez, Javier"]
[Result "1/2-1/2"]
[WhiteElo "2571"]
[BlackElo "2102"]
[PlyCount "152"]
[EventDate "2017.08.13"]
[EventType "swiss (rapid)"]
[EventRounds "9"]
[EventCountry "ESP"]
[SourceTitle "CBM 179 Extra"]
[Source "ChessBase"]
[SourceDate "2017.08.23"]
[SourceVersion "1"]
[SourceVersionDate "2017.08.23"]
[SourceQuality "1"]

1. d4 Nf6 2. c4 c5 3. d5 b5 4. cxb5 a6 5. bxa6 Bxa6 6. Nc3 g6 7. g3 Bg7 8. Bg2 d6 9. Nf3 0-0 10. 0-0 Qb6 11. Rb1 Nbd7 12. b3 Ne8 13. Bb2 Nc7 14. Na4 Qb4 15. Bxg7 Kxg7 16. Rc1 Rfb8 17. h3 Nb6 18. Nxb6 Rxb6 19. Nd2 Ra7 20. Re1 Kg8 21. Rc2 Rb8 22. Qc1 Nb5 23. Rc4 Qa5 24. e3 Nc7 25. Ra4 Qb6 26. Qc3 Bb5 27. Rxa7 Qxa7 28. a4 Ba6 29. e4 f6 30. Bf1 Qb6 31. h4 Qb4 32. Qxb4 Rxb4 33. Bxa6 Nxa6 34. Re2 Kf7 35. Kf1 c4 36. bxc4 Rxa4 37. Re3 Nc5 38. Ke2 Ra2 39. f3 f5 40. exf5 gxf5 41. Rc3 Kf6 42. Ke3 h5 43. Nf1 e6 44. dxe6 Kxe6 45. Nd2 Ke5 46. Nf1 Ke6 47. Kf4 Kf6 48. Ke3 Ke5 49. Nd2 Kf6 50. Nf1 Ke5 51. f4+ Ke6 52. Nd2 Kf6 53. Nf3 Ne4 54. Rd3 Rc2 55. Nd2 Nxd2 56. Rxd6+ Ke7 57. Rxd2 Rxc4 58. Rd5 Kf6 59. Kd3 Ra4 60. Rd6+ Kg7 61. Rc6 Rb4 62. Rc4 Rb3+ 63. Kd4 Rxg3 64. Ke5 Rg4 65. Kxf5 Rxh4 66. Rc7+ Kh6 67. Rc6+ Kg7 68. Rc7+ Kh6 69. Ke5 Rh1 70. f5 Re1+ 71. Kf6 h4 72. Rc8 Kh5 73. Rh8+ Kg4 74. Kg6 Rf1 75. f6 h3 76. f7 Rxf7 1/2-1/2

[Event "Benidorm op U2300 15th"]
[Site "Benidorm"]
[Date "2016.12.02"]
[Round "1"]
[White "Buenafe Moya, Javier"]
[Black "Garcia Perez, Javier"]
[Result "1-0"]
[WhiteElo "2257"]
[BlackElo "2094"]
[PlyCount "69"]
[EventDate "2016.12.02"]
[EventType "swiss"]
[EventRounds "10"]
[EventCountry "ESP"]
[SourceTitle "EXT 2019"]
[Source "ChessBase"]
[SourceDate "2018.10.10"]
[SourceVersion "1"]
[SourceVersionDate "2018.10.10"]
[SourceQuality "1"]

1. c4 e5 2. Nc3 Nc6 3. g3 g6 4. Bg2 Bg7 5. d3 f5 6. e3 Nf6 7. Nge2 0-0 8. 0-0 d6 9. Rb1 Be6 10. Nd5 Bf7 11. Nec3 Qd7 12. b4 Nd8 13. b5 Re8 14. a4 Nxd5 15. Nxd5 Ne6 16. a5 Nc5 17. Bb2 c6 18. bxc6 bxc6 19. Nb4 Rac8 20. d4 exd4 21. exd4 Ne4 22. d5 c5 23. Nc6 Nc3 24. Bxc3 Bxc3 25. a6 Rc7 26. Rb3 Bf6 27. Qb1 Qc8 28. Rb7 Rxc6 29. dxc6 Bxc4 30. Rxa7 Bxf1 31. Bd5+ Kh8 32. Qb7 Qxb7 33. axb7 Bh3 34. Ra8 Bd8 35. Rxd8 1-0

[Event "ESP-ch U18"]
[Site "Padron"]
[Date "2011.07.30"]
[Round "8"]
[White "Garcia Perez, Javier"]
[Black "Montanes Arribas, Adrian"]
[Result "0-1"]
[WhiteElo "1957"]
[BlackElo "2177"]
[PlyCount "50"]
[EventDate "2011.07.25"]
[EventType "tourn"]
[EventRounds "9"]
[EventCountry "ESP"]
[SourceTitle "EXT 2012"]
[Source "ChessBase"]
[SourceDate "2011.11.24"]
[SourceVersion "1"]
[SourceVersionDate "2011.11.24"]
[SourceQuality "1"]

1. e4 c5 2. Nc3 d6 3. g3 g6 4. Bg2 Bg7 5. d3 Nc6 6. Be3 e5 7. f4 Nge7 8. Nf3 exf4 9. Bxf4 0-0 10. 0-0 Nd4 11. Qd2 Nxf3+ 12. Bxf3 Be6 13. Bh6 Nc6 14. Bxg7 Kxg7 15. Nd5 Bxd5 16. exd5 Ne5 17. d4 cxd4 18. Qxd4 Qc7 19. Rac1 Qc4 20. Qxc4 Nxc4 21. Rfe1 Ne5 22. Kg2 Rac8 23. Re2 Rc5 24. c3 g5 25. g4 Nd3 0-1

[Event "ESP-chT U16"]
[Site "Benidorm"]
[Date "2010.12.07"]
[Round "5"]
[White "Garcia Perez, Javier"]
[Black "Lopez Martin, Jaime A"]
[Result "1-0"]
[WhiteElo "1893"]
[BlackElo "1788"]
[PlyCount "71"]
[EventDate "2010.12.04"]
[EventType "team"]
[EventRounds "6"]
[EventCountry "ESP"]
[SourceTitle "EXT 2014"]
[Source "ChessBase"]
[SourceDate "2013.11.20"]
[SourceVersion "1"]
[SourceVersionDate "2013.11.20"]
[SourceQuality "1"]

1. e4 c5 2. d3 d6 3. g3 Nc6 4. Bg2 g6 5. Be3 Bg7 6. c3 Nf6 7. f3 Qb6 8. Qd2 d5 9. Na3 d4 10. Bf4 e5 11. Nc4 Qc7 12. Bh6 0-0 13. Ne2 Be6 14. Bxg7 Kxg7 15. cxd4 cxd4 16. Rc1 Nd7 17. 0-0 Nb6 18. f4 Nxc4 19. dxc4 f6 20. h4 Bg4 21. Bf3 Qd7 22. Rce1 Bxf3 23. Rxf3 h6 24. Ref1 Qe7 25. g4 Rae8 26. Ng3 Qd7 27. g5 hxg5 28. hxg5 fxg5 29. f5 Rf6 30. Qxg5 Rh8 31. fxg6 Rxg6 32. Nf5+ Qxf5 33. Rxf5 Rxg5+ 34. Rxg5+ Kh6 35. Rg3 Rc8 36. Kg2 1-0

[Event "Cantabria-ch U16"]
[Site "Cantabria"]
[Date "2009.11.15"]
[Round "2"]
[White "Garcia Perez, Javier"]
[Black "Buiza Prieto, Aizbeltz"]
[Result "1/2-1/2"]
[WhiteElo "1767"]
[BlackElo "1788"]
[PlyCount "28"]
[EventDate "2009.11.08"]
[EventType "swiss"]
[EventRounds "6"]
[EventCountry "ESP"]
[SourceTitle "EXT 2024"]
[Source "ChessBase"]
[SourceDate "2023.10.10"]
[SourceVersion "1"]
[SourceVersionDate "2023.10.10"]
[SourceQuality "1"]

1. e4 c5 2. Nf3 e6 3. d4 cxd4 4. Nxd4 Nf6 5. Nc3 Nc6 6. Nxc6 bxc6 7. e5 Nd5 8. Nxd5 cxd5 9. Bd3 Ba6 10. 0-0 Bxd3 11. cxd3 d6 12. f4 Qd7 13. d4 g6 14. Bd2 Be7 1/2-1/2

[Event "EU-ch U16 19th"]
[Site "Fermo"]
[Date "2009.09.04"]
[Round "5"]
[White "Topak, Engin"]
[Black "Garcia Perez, Javier"]
[Result "1-0"]
[WhiteElo "2005"]
[BlackElo "1754"]
[PlyCount "59"]
[EventDate "2009.08.31"]
[EventType "swiss"]
[EventRounds "9"]
[EventCountry "ITA"]
[SourceTitle "CBM 132 Extra"]
[Source "ChessBase"]
[SourceDate "2009.11.03"]
[SourceVersion "1"]
[SourceVersionDate "2009.11.03"]
[SourceQuality "1"]

1. e4 e6 2. d4 d5 3. Nd2 Nf6 4. e5 Nfd7 5. c3 c5 6. f4 Nc6 7. Ndf3 Qb6 8. a3 f6 9. b4 cxb4 10. cxb4 Be7 11. Bd3 0-0 12. Ne2 Qd8 13. 0-0 Nb6 14. Qc2 f5 15. Bd2 a6 16. h3 Bd7 17. g4 g6 18. gxf5 gxf5 19. Kh2 Rc8 20. Rg1+ Kh8 21. Qd1 Nc4 22. Bxc4 dxc4 23. Bc3 Na7 24. d5 exd5 25. e6+ Bf6 26. Bxf6+ Rxf6 27. exd7 Qxd7 28. Qd4 Qe7 29. Rae1 Qf8 30. Qxa7 1-0

[Event "Cantabria-ch"]
[Site "Cantabria"]
[Date "2009.04.04"]
[Round "4"]
[White "Garcia Perez, Javier"]
[Black "Fernandez Rivera, Igor"]
[Result "1-0"]
[WhiteElo "1700"]
[BlackElo "1882"]
[PlyCount "51"]
[EventDate "2009.03.14"]
[EventType "swiss"]
[EventRounds "7"]
[EventCountry "ESP"]
[SourceTitle "EXT 2024"]
[Source "ChessBase"]
[SourceDate "2023.10.10"]
[SourceVersion "1"]
[SourceVersionDate "2023.10.10"]
[SourceQuality "1"]

1. Nf3 Nf6 2. g3 d6 3. Bg2 e5 4. d3 Be7 5. 0-0 0-0 6. e4 c6 7. h3 Qc7 8. Nc3 Be6 9. Ng5 Nbd7 10. f4 exf4 11. gxf4 Nc5 12. f5 Bd7 13. d4 Na6 14. Kh1 Rad8 15. h4 Rfe8 16. Bf4 Bc8 17. Qf3 Qb6 18. e5 Bxf5 19. exf6 Bxf6 20. Be5 dxe5 21. Qxf5 Rxd4 22. Qxh7+ Kf8 23. Rxf6 Rxh4+ 24. Qxh4 gxf6 25. Nh7+ Ke7 26. Rd1 1-0

[Event "Cantabria-ch"]
[Site "Cantabria"]
[Date "2009.03.28"]
[Round "3"]
[White "Quirce Teja, Alejandro"]
[Black "Garcia Perez, Javier"]
[Result "0-1"]
[WhiteElo "1682"]
[BlackElo "1700"]
[PlyCount "78"]
[EventDate "2009.03.14"]
[EventType "swiss"]
[EventRounds "7"]
[EventCountry "ESP"]
[SourceTitle "EXT 2024"]
[Source "ChessBase"]
[SourceDate "2023.10.10"]
[SourceVersion "1"]
[SourceVersionDate "2023.10.10"]
[SourceQuality "1"]

1. e4 c5 2. Nf3 Nc6 3. d4 cxd4 4. Nxd4 e5 5. Nf3 Nf6 6. Bg5 Qa5+ 7. Bd2 Bb4 8. c3 Be7 9. Bd3 Qc7 10. Qc2 h6 11. a3 d5 12. exd5 Nxd5 13. c4 Nf6 14. Nc3 0-0 15. Qc1 Nd4 16. Nxd4 exd4 17. Ne2 Ng4 18. h3 Ne5 19. Qc2 Be6 20. 0-0 Nxd3 21. Qxd3 Bxc4 22. Qf3 Bxe2 23. Qxe2 Bf6 24. Rac1 Qb6 25. Bf4 Rac8 26. b4 Rc3 27. Rxc3 dxc3 28. Rc1 Rc8 29. Qc2 Qa6 30. Qb3 g5 31. Be3 Qe2 32. Qc2 Qa6 33. Qb3 Qc6 34. Qc2 Rd8 35. Kh1 b6 36. Kg1 Qd5 37. Kh1 Kg7 38. Kg1 Be5 39. Qf5 Bh2+ 0-1

[Event "Cantabria-ch"]
[Site "Cantabria"]
[Date "2009.03.14"]
[Round "1"]
[White "Fernandez Pereda, Victor"]
[Black "Garcia Perez, Javier"]
[Result "0-1"]
[WhiteElo "1628"]
[BlackElo "1700"]
[PlyCount "46"]
[EventDate "2009.03.14"]
[EventType "swiss"]
[EventRounds "7"]
[EventCountry "ESP"]
[SourceTitle "EXT 2024"]
[Source "ChessBase"]
[SourceDate "2023.10.10"]
[SourceVersion "1"]
[SourceVersionDate "2023.10.10"]
[SourceQuality "1"]

1. d4 Nf6 2. c4 g6 3. Nf3 Bg7 4. e3 d6 5. Nc3 0-0 6. Bd3 c6 7. 0-0 Qc7 8. b3 e5 9. Re1 a5 10. a4 Nfd7 11. d5 f5 12. e4 Nc5 13. Qc2 Nba6 14. Qe2 Nb4 15. Bc2 Nxc2 16. Qxc2 fxe4 17. Nxe4 Bf5 18. Nfd2 Nxe4 19. Nxe4 cxd5 20. Qd2 dxe4 21. Qd5+ Kh8 22. Be3 h6 23. Rac1 Qc6 0-1

[Event "Cantabria-ch U16"]
[Site "Cantabria"]
[Date "2008.11.16"]
[Round "2"]
[White "Martinez Gonzalez, Francisco"]
[Black "Garcia Perez, Javier"]
[Result "0-1"]
[WhiteElo "1684"]
[BlackElo "1723"]
[PlyCount "42"]
[EventDate "2008.11.09"]
[EventType "swiss"]
[EventRounds "5"]
[EventCountry "ESP"]
[SourceTitle "EXT 2024"]
[Source "ChessBase"]
[SourceDate "2023.10.10"]
[SourceVersion "1"]
[SourceVersionDate "2023.10.10"]
[SourceQuality "1"]

1. e4 c5 2. Nc3 d6 3. f4 g6 4. g3 Bg7 5. Bg2 Nc6 6. Nf3 e6 7. 0-0 Nge7 8. d3 d5 9. e5 a6 10. a4 0-0 11. Bd2 b6 12. g4 Rb8 13. Qe1 f6 14. Qg3 Qc7 15. Rfe1 b5 16. axb5 axb5 17. Re2 Bd7 18. Qf2 Qb6 19. Rae1 fxe5 20. Qg3 Nd4 21. Nxd4 exd4 0-1